| 000 | 00941nam a22002297a 4500 | ||
|---|---|---|---|
| 005 | 20240530110649.0 | ||
| 008 | 171210s2016 su a f b 000 0 ara d | ||
| 017 |
_a1436/6938 _bالسعودية . مكتبة الملك فهد الوطنية |
||
| 020 | _a9786039069416 | ||
| 040 |
_aEG-CaGPL _cEG-CaGPL |
||
| 082 | 0 | 4 |
_221 _a646.3\ _bل ت |
| 100 | 0 | _aلمياء ابراهيم احمد عبدالفتاح | |
| 245 | 1 | 0 |
_aتقنيات التفصيل والحياكة / _cلمياء ابراهيم احمد عبدالفتاح ، ايمان بهنسى احمد خضير . |
| 250 | _aط.1 | ||
| 260 |
_aالرياض : _bدار الزهراء ، _c2016 . |
||
| 300 |
_a216 ص. : _bايض. ؛ _c24 سم. |
||
| 650 | 0 | 7 |
_2qrmak _aالحياكة |
| 650 | 0 | 7 |
_2qrmak _aتفصيل الملابس |
| 700 | 0 |
_aايمان بهنسى احمد خضير _eمؤلف مشارك |
|
| 942 |
_2ddc _cBK |
||
| 999 |
_c63598 _d63598 |
||